000 00291nam a2200121Ia 4500
008 190216s9999||||xx |||||||||||||| ||und||
100 _aBrijilal And Subrahmanyam N
245 0 _aProperties Of Matter
260 _bEurasia Pub-Ltd
_c1999
300 _a441p
650 _aPhysics
942 _cBK
999 _c32982
_d32982